Feng chen xue li / (Record no. 12806)
[ view plain ]
| 000 -LEADER | |
|---|---|
| fixed length control field | 00718cam a2200229 a 4500 |
| 001 - CONTROL NUMBER | |
| control field | c 63000195 |
| 003 - CONTROL NUMBER IDENTIFIER | |
| control field | DLC |
| 005 - DATE AND TIME OF LATEST TRANSACTION | |
| control field | 20260227111034.0 |
| 008 - FIXED-LENGTH DATA ELEMENTS--GENERAL INFORMATION | |
| fixed length control field | 061012s1962 ch 000 1 chi |
| 010 ## - LIBRARY OF CONGRESS CONTROL NUMBER | |
| LC control number | c 63000195 |
| 035 ## - SYSTEM CONTROL NUMBER | |
| System control number | (CStRLIN)DCLP06-B20443 |
| 040 ## - CATALOGING SOURCE | |
| Original cataloging agency | DLC |
| Transcribing agency | DLC |
| Modifying agency | DLC-R |
| 050 00 - LIBRARY OF CONGRESS CALL NUMBER | |
| Classification number | PL2892.I24 |
| Item number | F4 |
| 066 ## - CHARACTER SETS PRESENT | |
| Alternate G0 or G1 character set | $1 |
| 100 0# - MAIN ENTRY--PERSONAL NAME | |
| Linkage | 880-01 |
| Personal name | Biyao. |
| 245 10 - TITLE STATEMENT | |
| Linkage | 880-02 |
| Title | Feng chen xue li / |
| Statement of responsibility, etc. | Biyao zhu. |
| 260 ## - PUBLICATION, DISTRIBUTION, ETC. | |
| Linkage | 880-03 |
| Place of publication, distribution, etc. | Taibei Xian Yonghe Zhen : |
| Name of publisher, distributor, etc. | Hai yan chu ban she, |
| Date of publication, distribution, etc. | Minguo 51 [1962] |
| 300 ## - PHYSICAL DESCRIPTION | |
| Extent | 308 p. ; |
| Dimensions | 19 cm. |
| 880 0# - ALTERNATE GRAPHIC REPRESENTATION | |
| Linkage | 100-01/$1 |
| a | 碧瑤. |
| 880 10 - ALTERNATE GRAPHIC REPRESENTATION | |
| Linkage | 245-02/$1 |
| a | 風塵 血淚 / |
| c | 碧瑤 著. |
| 880 ## - ALTERNATE GRAPHIC REPRESENTATION | |
| Linkage | 260-03/$1 |
| a | 台北縣 永和鎮 : |
| b | 海燕 出版社, |
| c | 民國51 [1962] |
No items available.